000 00734nam a2200229 a 4500
001 13847
003 BD-JhCC
005 20240423104735.0
008 181026b20122013bg |||| ||a| 000 0 ben d
020 _a9789849030911
035 _a(BD-JhCC)13847
040 _aBD-JhCC
_dBD-JhCC
041 _abegali
082 _a297
_bJAM 2013
100 _aজামিল, মাওলানা তারিক
245 _aকবরের আযাব /
_cমাওলানা তারিক জামিল।
260 _aঢাকা:
_bবিননুরী লাইব্রেরী;
_c২০১৩.
300 _a১২৮ পৃ. :
_c২১ সেমি.
650 _aIslamic
942 _2ddc
_cBK
999 _c13847
_d13847